000 00799nam a22002533 4500
001 45651
003 BD-RjUL
005 20211209054041.0
008 191201r19501952enka 001 0 eng d
035 _aOCLC pks04194335 from D980107K
040 _aEQO
_cEQO
_beng
041 _aeng
082 _223
_a667.2
_b WHD 1950
100 1 _aWhittaker, C. M.
_q(Croyden Meredith),
_d1878-
_9235777
245 1 0 _aDyeing with coal-tar dyestuffs /
_cby C.M. Whittaker and C.C. Wilcock.
250 _a5th ed.
260 _aLondon :
_c1950[1952]
_bBailliere, Tindall and cox ,
300 _avii , 375 p. :
_bill. ;
_c24 cm
500 _aIncludes Index
650 _aDyes and Pigments
_9235778
700 1 _aWilcock, C. C.
_995435
942 _2ddc
_cBK
999 _c45651
_d45651